00784nam a2200181Ia 4500003000900000008004100009020001800050040001600068080002300084111010100107245024800208260003600456300001600492650004100508650001300549650001100562700002900573IN-BaIIA211028s9999 xx 000 0 eng d a0-387-97083-5 cIIA Library a524.72(082.2)bTHE aConference on "Le Monde des Galaxies"cInstitut d'Astrophysique de Paris, Parisd1988 Apr. 12-14 4aThe world of galaxiesbproceedings of the conference on "Le Monde des Galaxies", held in Institut d'Astrophysique de Paris, Paris, 12-14 April 1988cedited by Harold G. Corwin and Lucette Bottinelli  aNew YorkbSpringer-Verlagc1989 axxvi, 570p. aAstronomy and astrophysics thesaurus aGalaxies aGalaxy aBottinelli, Lucette, ed.